Литературные факты - Statistics

General Stats
  • This quiz has been taken 17 times
  • The average score is 10 of 20
Answer Stats
Question Answer % Correct
У Алана Лайтмана, автора "Снов Эйнштейна" и "Диагноза", есть степень доктора теоретической физики в MIT Да
75%
Филип Дик утверждал, что Станислава Лема не существует в реальности Да
69%
Чарльз Диккенс нередко проявлял приступы агрессии к окружающим Да
69%
Венедикт Ерофеев никогда не публиковался в СССР Нет, публиковался
63%
В оригинале "Маугли" Киплинга, "Книге джунглей" пантера Багира мужского пола Да
63%
Сергей Есенин писал предсмертное стихотворение кровью Да
56%
Жан-Поль Сартр отказался от Нобелевской премии по литературе Да
56%
Владимир Набоков ценил литературный вклад Фёдора Достоевского Нет
50%
Лаура, возлюбленная средневекового поэта Франческо Петрарки, ответила ему взаимностью после посвящённых им ей стихов Нет
50%
Рэй Брэдбери - лишь один из литературных псевдонимов писателя-фантаста Клиффорда Симака Нет
44%
Курт Воннегут принимал участие во Второй мировой войне на стороне союзнических войск, освобождавших Европу от нацизма Да
44%
Украинского поэта Василя Стуса в ходе политического дела против него адвокатировал лично Виктор Медведчук Да
44%
Сочинения Эразма Роттердамского являются каноничными для папской католической церкви Нет
44%
Кнут Гамсун подарил свою Нобелевскую премию по литературе главному пропагандисту нацистской Германии Йозефу Геббельсу Да
44%
В русской литературе есть по два представителя по имени "Борис Пильняк" и "Алексей Толстой" Да
38%
Уильям Берроуз - сын Эдгара Райса Берроуза, автора "Тарзана" Нет
38%
Терри Пратчетт, автор юмористической фэнтезийной серии книг "Плоский мир", ушёл из жизни путём эвтаназии Да
38%
Анджей Сапковский пишет ещё и стихи Нет
31%
Хорхе Луис Борхес дружил по переписке с Константином Симоновым Нет
31%
Евгения Гинзбург, педагог-диссидент и автор мемуаров эпохи сталинского Большого террора "Крутой маршрут" - мать писателя Василия Аксёнова Да
25%
No matching quizzes found
Score Distribution
Percent of People with Each Score
Percentile by Number Answered
Your Score History
You have not taken this quiz